000 00486nam a2200145Ia 4500
008 090124s9999 xx 000 0 und d
082 _b134597
245 _a आंधळे रंग पांगळ्या रेषा
250 _a1
260 _bकिणीकर रॉय
_c2007
300 _a123
630 _a आंधळे रंग पांगळ्या रेषा
730 _a आंधळे रंग पांगळ्या रेषा
942 _cBOOK
999 _c193949
_d193949